Proposed National Flags - Statistics

General Stats
  • This quiz has been taken 45 times
  • The average score is 10 of 20
Answer Stats
Picture Answer % Correct
Australia
98%
Canada
88%
Estonia
83%
Taiwan
83%
Croatia
76%
North Korea
76%
Bolivia
73%
Czechia
66%
Rwanda
66%
Germany
61%
Slovenia
44%
New Zealand
41%
Fiji
39%
Bosnia and Herzegovina
32%
Russia
32%
Jamaica
24%
North Macedonia
22%
Angola
17%
South Africa
17%
Cyprus
12%
No matching quizzes found
Score Distribution
Percent of People with Each Score
Percentile by Number Answered
Your Score History
You have not taken this quiz